Timber - Pitbull Feat. Kesha - All Lyrics - Statistics

General Stats
  • This quiz has been taken 319 times
  • The average score is 368 of 454
Answer Stats
Answer % Correct
come
100%
I
100%
on)
100%
timber
100%
(Timber),
100%
(Timber)
100%
timber)
100%
(Timber,
100%
(Hey,
99%
(Yeah)
99%
go
98%
oh),
98%
Oh-oh
98%
(Oh-oh-oh)
98%
Ooh
98%
ooh
98%
Woah
98%
woah
98%
woo)
98%
You
98%
you
98%
(You
98%
be
97%
down,
97%
down)
97%
down
97%
down),
97%
goin'
97%
Pitbull)
97%
bet
96%
better
96%
dance
96%
dance)
96%
It's
96%
(It's
96%
it's
96%
a
95%
I'm
95%
night
95%
night,
95%
night)
95%
the
95%
The
95%
move,
94%
move
94%
move),
94%
on
94%
won't
93%
won't,
93%
Let's
92%
(Let's
92%
remember
92%
forget
91%
forget)
91%
make
91%
one
91%
One
91%
one)
91%
I'll
89%
(I'll
89%
in
86%
yellin'
81%
an
80%
and
74%
'round
73%
round
71%
round,
71%
your
71%
more
66%
of
65%
shot,
63%
Swing
63%
swing
63%
another
62%
to
61%
End
56%
they
56%
bigger
53%
booty
52%
we
52%
We
52%
will,
52%
fall
51%
harder
50%
up
49%
are,
48%
but
46%
like
46%
partner
46%
me,
45%
me
45%
Nah,
43%
She
43%
she
43%
about
41%
say
40%
say,
40%
Face
38%
just
37%
plane?
37%
Look
36%
Miley
36%
That's
36%
Cyrus,
35%
sky,
35%
bird?
34%
'em
34%
This
34%
boy's
33%
way
33%
dog
31%
off
31%
'Cause
30%
clothes
30%
have
30%
thang
30%
diggity
29%
thing
29%
thongs
29%
bras
28%
money
28%
Twerkin'
28%
oil
27%
than
27%
ain't
26%
damn
26%
spill
26%
what?
26%
biggity
23%
slicker
22%
changed
21%
hotels,
18%
Live
17%
Club
16%
homie
16%
LeBron
15%
now,
15%
planes
15%
Blessed
14%
why?
14%
Order
13%
jumpin'
12%
climb,
10%
Voli
6%
No matching quizzes found
Score Distribution
Percent of People with Each Score
Percentile by Number Answered
Your Score History
You have not taken this quiz